| 000 | 00464nam a22001457a 4500 | ||
|---|---|---|---|
| 082 |
_a388.042 _bCAL _cD |
||
| 100 |
_aU.S. Deppt of Transportation _938409 |
||
| 245 |
_aCalifornia smart traveler system _cU.S. Deppt of Transportation |
||
| 260 |
_aWashington, D.C _bU.S. Deppt of Transportation _c1992 |
||
| 300 | _a81 p. ; | ||
| 526 |
_a0 _b0 _c0 _d388_042000000000000_CAL |
||
| 650 |
_aNUST _96342 |
||
| 700 |
_aU.S. Deppt of Transportation _938409 |
||
| 942 |
_2ddc _cBK |
||
| 999 |
_c543054 _d543054 |
||